Reforma agraria en Chile, experimento en cuatro fundos de la Iglesia Católica

Guardat en:
Dades bibliogràfiques
Autor principal: Thiesenhusen, William C (Autor)
Format: Llibre
Idioma:espanyol
Publicat: Santiago Universidad de Chile 1967
Matèries:
Etiquetes: Afegir etiqueta
Sense etiquetes, Sigues el primer a etiquetar aquest registre!

MARC

LEADER 00000nam a2200000 a 4500
001 UCS2117
003 CL-VaPUC
008 970516e19670000CL |||||||||||||||||spa|d
082 0 4 |a 346.044  |b THI  |2 21 
100 0 |a Thiesenhusen, William C  |e author  |9 387173 
245 1 0 |a Reforma agraria en Chile, experimento en cuatro fundos de la Iglesia Católica 
300 |a 140 p 
942 |c BK 
945 |d 19970516 00:00:00  |a paguirre 
260 |a Santiago  |b Universidad de Chile  |c 1967 
650 7 |a DERECHO AGRARIO  |2 CL-VaPUC  |9 321361 
650 0 |a REFORMA AGRARIA  |9 256789 
650 7 |a PROPIEDAD AGRARIA  |2 CL-VaPUC  |9 370068 
650 7 |a EXPROPIACION AGRARIA  |2 CL-VaPUC  |9 384194 
650 7 |a LATIFUNDOS  |2 CL-VaPUC  |9 387174 
583 |a last modification  |c 19970516 00:00:00  |k Rodrigo Vera 
999 |c 260109  |d 260107 
952 |0 0  |1 0  |4 0  |6 346_044000000000000_THI_1967  |7 0  |8 A  |9 285721  |a BIBDER  |b BIBDER  |d 2019-11-19  |i 1857649  |o 346.044 THI 1967  |p 1857649  |r 2023-01-25  |w 2019-11-19  |y BK  |k DER 
952 |0 0  |1 0  |4 0  |6 346_044000000000000_THI_1967  |7 0  |8 A  |9 285723  |a BIBGIM  |b BIBGIM  |d 2019-11-19  |i 1996622  |l 1  |o 346.044 THI 1967  |p 1996622  |r 2025-01-15  |s 2022-09-12  |w 2019-11-19  |y BK  |k COM